书目信息 |
| 题名: |
电工学
|
|
| 作者: | 黄元森 主编 | |
| 分册: | ||
| 出版信息: | 北京 高等教育出版社 2001.1 |
|
| 页数: | 579页 | |
| 开本: | 20cm | |
| 丛书名: | ||
| 单 册: | ||
| 中图分类: | TM1 | |
| 科图分类: | ||
| 主题词: | 电工--理论 | |
| 电子资源: | ||
| ISBN: | 7-04-009120-8 | |
| 000 | 00552nam0 2200205 45 | |
| 001 | 0236099247 | |
| 005 | 2002061110013824 | |
| 010 | @a7-04-009120-8@dRMB 19.20 | |
| 100 | @a20020611d2001 km y0chiy0120 ea | |
| 101 | 0 | @achi |
| 102 | @aCN@b110000 | |
| 200 | 1 | @a电工学@Adian gong xue@f黄元森主编@Fhuang yuan sen zhu bian |
| 205 | @a3版 | |
| 210 | @a北京@c高等教育出版社@d2001.1 | |
| 215 | @a579页@d20cm | |
| 606 | 0 | @a电工@x理论 |
| 690 | @aTM1@v3 | |
| 701 | 0 | @a黄元森@Ahuang yuan sen@4主编 |
| 801 | 0 | @aCN@bPFT@c20020611 |
| 905 | @a安徽大学@dTM1@eH910 | |
| 电工学/黄元森主编.-3版.-北京:高等教育出版社,2001.1 |
| 579页;20cm |
| ISBN 7-04-009120-8:RMB 19.20 |
| ● |
| 相关链接 |
|
|
|
正题名:电工学
索取号:TM1/H910
 
预约/预借
| 序号 | 登录号 | 条形码 | 馆藏地/架位号 | 状态 | 备注 |
| 1 | 362878 | 203628789 | 自科二线404/404自科库 18排4列2层/ [索取号:TM1/H910] | 在馆 | |
| 2 | 362879 | 203628798 | 自科库301/301自科库 6排3列3层/ [索取号:TM1/H910] | 在馆 | |
| 3 | 362880 | 203628805 | 自科库301/301自科库 6排3列3层/ [索取号:TM1/H910] | 在馆 |